PSYCHOLOGICAL ASPECT OF PREPARATION THE PEOPLE FOR THE RETIREMENT AGE

Bibliographic Details
Main Author: Machalová, Mária (Author)
Format: Article
Language:English
ISBN:8096856405

MARC

LEADER 00000naa a2200000uu 4500
001 vtls011033834
003 SK-MaSNL
005 20260302124752.0
008 210907|2001 xo |||||||||||||||||eng|
015 |a SNBRA 
035 |a (urnnbn)urn:nbn:sk:snk:ar-008scn 
035 |a (uuid)c557c547-b50f-46e9-bec7-f4013a7240ba 
035 |a urn:nbn:sk:snk-aauo7k 
040 |a SNKBUCL  |b slo  |c SNKBUCL  |e AACR2 
041 0 |a eng 
044 |a xo  |c SK 
100 1 |a Machalová, Mária  |4 aut  |9 6963 
245 1 0 |a PSYCHOLOGICAL ASPECT OF PREPARATION THE PEOPLE FOR THE RETIREMENT AGE  |c Mária Machalová 
773 0 |t Preparation for retirement age - andragogical action  |d Bratislava : Gerlach Print, 2001  |g S. 22-30  |z 8096856405 
958 |a OND 
958 |a article12 
958 |a chapter 
999 |c 1289986  |d 1291916